[Event "Défi"]
[Site "www.echecsemail.com"]
[Date "2026.02.11"]
[Round "1"]
[White "Rocketman"]
[Black "Tinenfant"]
[WhiteElo "2000"]
[BlackElo "1880"]
[Result "1-0"]
1.d4 d5
2.c4 e6
3.Nb1c3 Ng8f6
4.Bc1g5 Bf8e7
5.e3 O-O
6.Ng1f3 h6
7.Bg5f4 a6
8.c5 Nb8c6
9.a3 Bc8d7
10.b4 Ra8c8
11.Bf1d3 Rf8e8
12.h3 g5
13.Bf4h2 Be7f8
14.O-O Bf8g7
15.e4 dxe4
16.Nc3xe4 Nf6xe4
17.Bd3xe4 f5
18.Be4c2 e5
19.Bc2b3 Kh7
20.dxe5 Nc6xe5
21.Bh2xe5 Bg7xe5
22.Nf3xe5 Re8xe5
23.Qd1h5 Qd8e7
24.Bb3f7 Qe7f6
25.Rf1e1 Re5xe1
26.Ra1xe1 Rc8f8
27.Re1e7 Bd7c8
28.Re7xc7 Qf6a1
29.Kh2 Qa1e5
30.g3 Qe5f6
31.Bf7g6 Kg8
32.Qh5xh6 Qf6h8
33.Bg6h7 Qh8xh7
34.Qh6xh7 1-0

[Event "Défi"]
[Site "www.echecsemail.com"]
[Date "2026.02.11"]
[Round "1"]
[White "Herakles"]
[Black "Intrigue"]
[WhiteElo "2070"]
[BlackElo "1730"]
[Result "1-0"]
1.d4 Ng8f6
2.Ng1f3 d5
3.Bc1g5 Nb8d7
4.e3 e6
5.Bf1d3 Bf8e7
6.Nb1d2 O-O
7.O-O h6
8.Bg5f4 c6
9.c3 Rf8e8
10.h3 b5
11.e4 dxe4
12.Nd2xe4 Bc8b7
13.Rf1e1 Nf6xe4
14.Bd3xe4 Nd7f6
15.Be4d3 a6
16.Nf3e5 c5
17.Qd1e2 cxd4
18.Ra1d1 Nf6d5
19.Bf4xh6 gxh6
20.Qe2g4 Kh8
21.Ne5xf7 1-0

[Event "Défi( 10J+24H/c 10J Max )"]
[Site "www.echecsemail.com"]
[Date "2026.02.11"]
[Round "1"]
[White "Titit1"]
[Black "Chevalice"]
[WhiteElo "1440"]
[BlackElo "1680"]
[Result "0-1"]
1.d4 d5
2.Bc1f4 Nb8c6
3.Nb1c3 Ng8f6
4.Nc3b5 e5
5.dxe5 Nf6d7
6.Ng1f3 a6
7.Nb5c3 Bf8b4
8.Bf4d2 Nd7xe5
9.Nf3g5 Bb4xc3
10.bxc3 f6
11.Ng5f3 O-O
12.Nf3xe5 fxe5
13.e3 Qd8f6
14.Bf1e2 Qf6xf2
0-1

[Event "Défi"]
[Site "www.echecsemail.com"]
[Date "2026.02.11"]
[Round "1"]
[White "Fr7d"]
[Black "Tartu"]
[WhiteElo "1650"]
[BlackElo "1730"]
[Result "0-1"]
1.e4 e5
2.d3 Ng8f6
3.Nb1c3 Bf8e7
4.Ng1e2 O-O
5.Bc1g5 Nb8c6
6.Bg5xf6 Be7xf6
7.a3 d6
8.b4 Bc8e6
9.Ne2g3 h6
10.Bf1e2 d5
11.O-O d4
12.Nc3d5 Be6xd5
13.f4 Bd5e6
14.f5 Be6d7
15.c4 b6
16.Qd1d2 Bf6g5
17.Qd2d1 Bg5e3
18.Kh1 Qd8g5
19.Be2g4 Be3f4
20.Ng3h5 Bf4e3
21.Qd1f3 g6
22.Nh5g3 Be3f4
23.b5 Nc6d8
24.h3 h5
25.Bg4xh5 Bf4xg3
26.fxg6 Bd7e6
27.Bh5g4 Be6xg4
28.hxg4 Qg5h4
{ abandon }0-1

[Event "Coupe Niveau 6"]
[Site "www.echecsemail.com"]
[Date "2026.02.11"]
[Round "1"]
[White "Berniz"]
[Black "Carrighir"]
[WhiteElo "2170"]
[BlackElo "2110"]
[Result "1-0"]
1.d4 f5
2.g3 e5
3.dxe5 d6
4.exd6 Bf8xd6
5.Ng1f3 Ng8f6
6.Bf1g2 Nb8c6
7.Bc1g5 O-O
8.O-O Bc8d7
9.Nb1d2 Qd8e8
10.Bg5xf6 Rf8xf6
11.Nd2c4 Ra8d8
12.Rf1e1 Bd6c5
13.c3 Bd7e6
14.Qd1a4 Rf6f8
15.Nc4d2 Qe8h5
16.Qa4h4 Qh5xh4
17.gxh4 h6
18.b3 Nc6e7
19.Ra1d1 Ne7d5
20.Nd2b1 Nd5f4
21.Bg2f1 Rf8e8
22.e3 Nf4g6
23.Rd1xd8 Re8xd8
24.h5 Ng6e7
25.Nf3d4 Be6f7
26.Bf1e2 a6
27.f4 Bf7d5
28.Nb1d2 Kf7
29.Kf2 Rd8e8
30.Nd2f3 Bc5d6
31.Nf3d2 Kf6
32.Be2f3 Bd5xf3
33.Kxf3 Ne7d5
34.e4 Bd6xf4
35.exd5 Re8xe1
36.Kxf4 Re1d1
37.Nd2f3 Rd1a1
38.a4 Ra1a3
39.c4 Ra3a2
40.Nd4xf5 a5
41.Nf5d4 Ra2b2
42.h3 b6
43.h4 Rb2b1
44.Nf3d2 Rb1h1
45.Nd2e4 Kf7
46.Nd4f3 Rh1b1
47.Ne4d2 Rb1h1
48.Ke5 Ke7
49.Nf3d4 Kd7
50.Nd4f5 Rh1d1
51.Nd2f3 Rd1d3
52.Nf3d4 Rd3h3
53.Nf5xg7 Rh3xh4
54.Nd4f5 Rh4h3
55.Nf5xh6 Rh3xb3
56.Nh6f5 Rb3h3
57.h6 Rh3h1
58.Kf6 { abandon }1-0

[Event "0502"]
[Site "www.echecsemail.com"]
[Date "2026.02.11"]
[Round "1"]
[White "Fouvolant"]
[Black "Turbo"]
[WhiteElo "1530"]
[BlackElo "1380"]
[Result "1-0"]
1.e4 e5
2.Ng1f3 Nb8c6
3.Bf1b5 h6
4.c3 a6
5.Bb5a4 b5
6.Ba4c2 Bc8b7
7.O-O Ng8f6
8.Rf1e1 Bf8d6
9.d4 Bd6e7
10.d5 Nc6a7
11.Nf3xe5 d6
12.Ne5f3 c6
13.Bc2b3 cxd5
14.exd5 O-O
15.h3 Qd8c7
16.Bc1f4 Nf6h5
17.Bf4h2 Be7d8
18.Nb1d2 Qc7c5
19.Nd2e4 Bd8b6
20.Ne4xc5 Bb6xc5
21.Nf3h4 Nh5f6
22.Nh4f5 Bb7c8
23.Nf5xd6 Bc5xd6
24.Bh2xd6 Rf8d8
25.Bd6e7 Rd8d7
26.d6 Nf6e8
27.Qd1d5 Rd7xe7
28.Re1xe7 { abandon }1-0

[Event "Michael Tal 30"]
[Site "www.echecsemail.com"]
[Date "2026.02.11"]
[Round "1"]
[White "Tahar"]
[Black "Alain64"]
[WhiteElo "1980"]
[BlackElo "2080"]
[Result "0-1"]
1.e4 c5
2.Bf1c4 e6
3.Nb1c3 a6
4.a4 Nb8c6
5.Ng1f3 d6
6.d4 cxd4
7.Nf3xd4 Ng8f6
8.Nd4f3 g6
9.O-O Bf8g7
10.Bc4a2 O-O
11.Bc1g5 h6
12.Bg5d2 Qd8c7
13.Rf1e1 Rf8e8
14.Bd2f4 e5
15.Bf4e3 Bc8g4
16.Ba2c4 Ra8d8
17.Bc4e2 Nc6b4
18.h3 Bg4e6
19.Qd1c1 d5
20.exd5 Nf6xd5
21.Nc3xd5 Nb4xd5
22.c3 Nd5xe3
23.Qc1xe3 f5
24.Be2d1 Kh7
25.Qe3c1 e4
26.Nf3d2 Bg7e5
27.Nd2f1 Be5f4
28.Qc1c2 Be6c4
29.Bd1e2 Bc4d3
30.Qc2b3 h5
31.Ra1d1 Bd3xe2
32.Rd1xd8 Re8xd8
33.Re1xe2 Qc7d7
34.g3 Bf4h6
35.Re2c2 Qd7d5
36.c4 Qd5d1
37.Qb3xb7 Rd8d7
38.Qb7b3 e3
39.fxe3 Bh6xe3
40.Kg2 Be3a7
41.Qb3c3 Qd1d6
42.Rc2d2 Qd6c6
43.Kh2 Rd7xd2
44.Qc3xd2 Qc6c5
45.Qd2g2 Kh6
46.b3 Qc5b6
47.Nf1d2 Qb6e3
48.h4 Ba7b8
49.b4 f4
50.gxf4 Bb8xf4
51.Kh1 Qe3xd2
52.Qg2xd2 Bf4xd2
53.b5 axb5
54.axb5 Bd2e1
55.b6 Be1xh4
56.c5 Bh4d8
57.b7 Bd8c7
58.c6 g5
{ abandon }0-1

[Event "Coupe Niveau 7"]
[Site "www.echecsemail.com"]
[Date "2026.02.11"]
[Round "1"]
[White "Bournivergne"]
[Black "Zax"]
[WhiteElo "2310"]
[BlackElo "2270"]
[Result "1/2-1/2"]
1.e4 d5
2.exd5 Qd8xd5
3.Nb1c3 Qd5d6
4.d4 Ng8f6
5.Ng1f3 Bc8g4
6.h3 Bg4h5
7.g4 Bh5g6
8.Nf3e5 Nb8d7
9.Ne5xg6 hxg6
10.Bf1g2 O-O-O
11.Qd1f3 Qd6a6
12.Bc1e3 e6
13.O-O-O Nd7b6
14.Kb1 Nb6c4
15.g5 Nf6d5
16.Nc3xd5 Qa6b5
17.b3 Nc4a3
18.Kb2 exd5
19.Qf3xf7 Na3c4
20.Ka1 Nc4xe3
21.fxe3 Bf8a3
22.Qf7f1 Qb5a5
23.Qf1d3 Rh8f8
24.Rh1f1 c6
25.c3 Ba3d6
26.e4 dxe4
27.Bg2xe4 Qa5xg5
28.Rf1g1 Qg5e7
29.Be4xg6 Rf8f2
30.Bg6f5 Kb8
31.Rd1d2 Rf2xd2
32.Qd3xd2 Rd8f8
33.Bf5g4 Bd6f4
34.Qd2d3 Rf8e8
35.Rg1d1 g5
36.Kb2 a5
37.a4 Qe7d6
38.Qd3c4 Ka7
39.d5 Re8e3
40.dxc6 Qd6xc6
41.Qc4xc6 bxc6
42.Kc2 Kb6
43.Rd1d3 Re3xd3
44.Kxd3 { nul }1/2-1/2

[Event "Tournoi n27393"]
[Site "www.echecsemail.com"]
[Date "2026.02.11"]
[Round "1"]
[White "Geantvert"]
[Black "Burgman"]
[WhiteElo "1840"]
[BlackElo "2010"]
[Result "1/2-1/2"]
1.c4 e5
2.Nb1c3 Nb8c6
3.g3 f5
4.Bf1g2 Ng8f6
5.d3 d6
6.Ng1f3 Bf8e7
7.O-O O-O
8.b3 Bc8d7
9.d4 e4
10.Nf3e1 a6
11.d5 Nc6e5
12.Ne1c2 Qd8e8
13.f3 exf3
14.exf3 c6
15.f4 Ne5g4
16.h3 Ng4h6
17.Rf1e1 Qe8d8
18.Kh2 Rf8e8
19.Bc1b2 Be7f8
20.Qd1d3 Re8xe1
21.Ra1xe1 c5
22.Bg2f3 Qd8c7
23.Nc3d1 Ra8e8
24.Re1xe8 Nf6xe8
25.Nc2e3 g6
26.Nd1f2 Bf8g7
27.Bb2xg7 Ne8xg7
28.h4 Qc7a5
29.Qd3e2 Qa5c3
30.Nf2h3 b5
31.Ne3d1 Qc3d4
32.Nh3g5 Nh6g4
33.Bf3xg4 fxg4
34.Nd1f2 Ng7h5
35.Ng5e6 Nh5f6
36.Nf2xg4 Nf6xg4
37.Qe2xg4 Qd4f2
38.Kh1 Qf2f1
39.Kh2 Qf1f2
40.Kh1 Qf2f1
{ nul }1/2-1/2

[Event "Eq:O fou d hello-Avalon :"]
[Site "www.echecsemail.com"]
[Date "2026.02.11"]
[Round "1"]
[White "Junior1966"]
[Black "Pourquoipas"]
[WhiteElo "1510"]
[BlackElo "1640"]
[Result "0-1"]
1.d4 f5
2.e3 Ng8f6
3.Ng1f3 e6
4.Nb1c3 Bf8e7
5.Bf1b5 O-O
6.O-O a6
7.Bb5a4 b5
8.Ba4b3 Bc8b7
9.d5 b4
10.Nc3a4 exd5
11.Rf1e1 Kh8
12.Bc1d2 Qd8e8
13.Nf3d4 Qe8g6
14.a3 Be7d6
15.axb4 Qg6h6
16.g3 Qh6h3
17.Qd1f3 Nf6g4
18.Qf3g2 Qh3h5
19.c3 Rf8f6
20.Bb3d1 Qh5g5
21.Bd1xg4 Qg5xg4
22.b3 Nb8c6
23.Na4c5 Bb7c8
24.c4 Bd6e5
25.b5 Nc6b4
26.Bd2xb4 d6
27.Nc5d3 c5
28.Bb4xc5 Be5xd4
29.b6 Bd4xa1
30.Bc5xd6 Rf6xd6
31.Re1xa1 Rd6h6
32.Qg2xd5 g5
33.Qd5xa8 Qg4h3
34.Qa8g2 g4
35.Qg2xh3 Rh6xh3
36.Nd3f4 Rh3h6
37.c5 Bc8b7
38.b4 Rh6f6
39.Kf1 Rf6h6
40.Ra1d1 Rh6xh2
41.Ke2 Bb7f3
42.Kd2 Rh2xf2
43.Ke1 Rf2b2
44.Rd1d8 Kg7
45.c6 Bf3xc6
46.Rd8c8 Bc6e4
47.Kd1 Rb2xb4
48.Rc8b8 a5
49.Nf4e6 Kh6
50.Ne6f8 Kg7
51.Nf8e6 Kf6
52.Ne6f4 a4
53.Rb8a8 Be4xa8
54.Nf4h5 Ke7
55.Kc2 a3
56.Nh5g7 a2
57.Ng7xf5 Kf6
58.Nf5d4 a1Q
59.Kd3 Qa1a3
60.Ke2 Rb4b2
61.Nd4c2 Rb2xc2
62.Kd1 Qa3c1
0-1

[Event "Jean 8"]
[Site "www.echecsemail.com"]
[Date "2026.02.11"]
[Round "1"]
[White "Petitlulu64"]
[Black "4x4"]
[WhiteElo "1720"]
[BlackElo "1450"]
[Result "1-0"]
1.d4 d5
2.Ng1f3 e6
3.Nb1c3 Ng8f6
4.Bc1d2 Nb8c6
5.Bd2g5 Bf8e7
6.e3 h6
7.Bg5xf6 gxf6
8.Bf1b5 Bc8d7
9.O-O a6
10.Bb5a4 b5
11.Ba4b3 Nc6a5
12.a4 Na5c4
13.Bb3xc4 bxc4
14.b3 c6
15.bxc4 f5
16.c5 Qd8a5
17.Nc3e2 Be7d8
18.Nf3e5 f6
19.Ne5xd7 Kxd7
20.Ne2f4 Bd8c7
21.Qd1h5 Ra8g8
22.Qh5f7 Kc8
23.Qf7xe6 Kb7
24.Rf1b1 Ka7
25.Qe6xc6 Rg8b8
26.Nf4e6 Rb8xb1
27.Ra1xb1 Rh8b8
28.Rb1a1 Rb8b4
29.Ne6xc7 Rb4b7
30.Nc7xd5 Qa5d2
31.Nd5e7 Rb7xe7
32.Qc6b6 Ka8
33.Qb6xa6 Kb8
34.Ra1b1 Kc7
35.Rb1b7 Kd8
36.Qa6a8 1-0

[Event "Tournoi n27456"]
[Site "www.echecsemail.com"]
[Date "2026.02.11"]
[Round "1"]
[White "Jlr"]
[Black "Mokanne"]
[WhiteElo "1430"]
[BlackElo "1430"]
[Result "1-0"]
1.e4 e5
2.Ng1f3 d6
3.Bf1c4 Bf8e7
4.d3 h6
5.Nb1c3 c6
6.h3 b5
7.Bc4b3 Be7f6
8.g4 Bc8b7
9.h4 Bf6e7
10.d4 Be7f6
11.Ke2 Bb7a6
12.g5 Bf6e7
13.Ke3 exd4
14.Nf3xd4 hxg5
15.Qd1g4 Ba6c8
16.Nd4f5 Qd8b6
17.Ke2 Bc8a6
18.Bc1xg5 b4
19.Ke1 bxc3
20.bxc3 g6
21.Bg5e3 Qb6d8
22.Nf5g7 Kf8
23.Be3d4 Ng8f6
24.Bd4xf6 Be7xf6
25.Ng7e6 fxe6
26.Qg4xe6 Bf6xc3
27.Kd1 Bc3xa1
28.Qe6f7 1-0

[Event "Défi"]
[Site "www.echecsemail.com"]
[Date "2026.02.11"]
[Round "1"]
[White "Payne42"]
[Black "Snarf"]
[WhiteElo "1740"]
[BlackElo "1760"]
[Result "1-0"]
1.f4 d6
2.Ng1f3 h6
3.e3 Bc8g4
4.b3 a6
5.Bc1b2 Nb8c6
6.Bf1e2 e6
7.O-O Bf8e7
8.h3 Bg4h5
9.Bb2xg7 Rh8h7
10.Bg7b2 Bh5g6
11.d3 Qd8d7
12.Nb1d2 O-O-O
13.c4 Nc6b4
14.e4 Qd7c6
15.a3 Nb4xd3
16.Be2xd3 Ng8f6
17.Qd1e2 Bg6h5
18.g4 Nf6xg4
19.hxg4 Bh5xg4
20.Rf1f2 Rd8g8
21.Rf2g2 Rh7g7
22.Bb2xg7 Rg8xg7
23.Qe2e3 h5
24.b4 Kb8
25.b5 Qc6d7
26.bxa6 b6
27.a4 c5
28.a5 bxa5
29.Ra1xa5 Ka7
30.Nd2b1 Be7d8
31.Ra5b5 Bd8b6
32.Kh1 Rg7g8
33.Rg2b2 Rg8b8
34.Nb1c3 d5
35.cxd5 exd5
36.Nc3a4 d4
37.Qe3e2 Qd7d6
38.Rb5xb6 Rb8xb6
39.Rb2xb6 Qd6xf4
40.Rb6b7 Ka8
41.Na4b6 1-0

[Event "Jean 8"]
[Site "www.echecsemail.com"]
[Date "2026.02.11"]
[Round "1"]
[White "Petitlulu64"]
[Black "Pgo"]
[WhiteElo "1720"]
[BlackElo "1760"]
[Result "1/2-1/2"]
1.d4 d5
2.Ng1f3 Bc8g4
3.Nf3e5 Bg4h5
4.Nb1c3 e6
5.Bc1f4 Bf8b4
6.Qd1d3 Ng8f6
7.Qd3b5 Nb8c6
8.Ne5xc6 Bb4xc3
9.bxc3 bxc6
10.Qb5xc6 Nf6d7
11.Ra1b1 O-O
12.e3 Ra8c8
13.Bf1a6 Nd7b8
14.Qc6b7 Nb8xa6
15.Qb7xa6 Rc8a8
16.O-O Qd8c8
17.Qa6c6 h6
18.Qc6xc7 Qc8xc7
19.Bf4xc7 Bh5g6
20.Rb1b2 Ra8c8
21.Bc7a5 Rc8b8
22.Rf1b1 Rb8xb2
23.Rb1xb2 Rf8a8
24.Rb2b7 Bg6xc2
25.Ba5b4 Bc2d3
26.a4 a5
27.Bb4c5 g6
28.Rb7b2 Bd3c4
29.g4 Kg7
30.h4 h5
31.f3 hxg4
32.fxg4 Kf6
33.Kf2 e5
34.dxe5 Kxe5
35.Bc5d4 Ke4
36.g5 Kf5
37.Kg3 Ra8e8
38.Rb2f2 Ke4
39.Rf2xf7 Bc4b3
40.Rf7a7 Bb3xa4
41.Ra7xa5 Ba4d1
42.Ra5a6 Bd1h5
43.Ra6a4 Kd3
44.Ra4a5 Kc4
45.Kf4 Re8e4
46.Kg3 Re4g4
47.Kh3 Rg4e4
48.Ra5a4 Kd3
49.Ra4a5 Bh5g4
50.Kg3 Bg4e6
51.Ra5a6 Re4g4
52.Kf3 Rg4e4
53.h5 Be6g4
54.Kg3 Bg4xh5
55.Ra6d6 Re4g4
56.Kh3 Rg4xg5
57.Rd6e6 Bh5g4
58.Kh4 Bg4xe6
59.Kxg5 Be6f5
60.Kf4 Bf5e4
61.Ke5 Kc4
62.Kf4 Kd3
63.Bd4f6 g5
64.Kxg5 Kxe3
65.Kg4 Kd3
{ nul }1/2-1/2

[Event "Tournoi n27448"]
[Site "www.echecsemail.com"]
[Date "2026.02.11"]
[Round "1"]
[White "Tiounet"]
[Black "Legros"]
[WhiteElo "1630"]
[BlackElo "1780"]
[Result "0-1"]
1.a3 a5
2.g3 Nb8c6
3.Bf1g2 b6
4.e3 Bc8b7
5.Ng1e2 Ng8f6
6.O-O d5
7.d3 e5
8.Nb1d2 Bf8d6
9.Ne2c3 Nc6a7
10.b3 b5
11.Bc1b2 c5
12.Nc3e2 Qd8b6
13.Nd2f3 Na7c6
14.Qd1c1 O-O
15.c4 bxc4
16.bxc4 d4
17.exd4 exd4
18.Ra1b1 Qb6c7
19.Qc1c2 a4
20.Nf3h4 Rf8b8
21.Nh4f5 Bd6f8
22.Ne2f4 Nc6e5
23.Bg2xb7 Rb8xb7
24.Rf1e1 Ne5f3
25.Kg2 Nf3xe1
26.Rb1xe1 Qc7c6
27.Kg1 Ra8b8
28.Re1b1 g6
29.Nf5h4 Rb7b3
30.Qc2e2 Qc6b6
31.Nh4f3 Rb3xb2
32.Rb1xb2 Qb6xb2
33.Qe2e5 Nf6g4
34.Qe5e1 Qb2b1
35.Qe1xb1 Rb8xb1
36.Kg2 Rb1b3
37.h3 Ng4f6
38.Nf3e5 Rb3xa3
39.g4 Bf8d6
{ abandon }0-1

[Event "0502"]
[Site "www.echecsemail.com"]
[Date "2026.02.11"]
[Round "1"]
[White "Turbo"]
[Black "Katastrofic"]
[WhiteElo "1380"]
[BlackElo "1490"]
[Result "1-0"]
1.e4 e5
2.Ng1f3 d6
3.Bf1c4 Bf8e7
4.d3 Ng8f6
5.Bc4xf7 Kxf7
6.Nf3g5 Ke8
7.c3 h6
8.Ng5f3 Kf7
9.Nf3h4 Nf6xe4
10.Qd1h5 Kf8
11.Nh4g6 Kg8
12.dxe4 Rh8h7
13.O-O Be7g5
14.f4 Bg5f6
15.f5 Nb8d7
16.Qh5e2 Nd7f8
17.Nb1d2 Nf8xg6
18.fxg6 Rh7h8
19.Qe2c4 { abandon }1-0

[Event "0502"]
[Site "www.echecsemail.com"]
[Date "2026.02.11"]
[Round "1"]
[White "Turbo"]
[Black "Fouvolant"]
[WhiteElo "1380"]
[BlackElo "1530"]
[Result "0-1"]
1.d4 Ng8f6
2.Ng1f3 d6
3.c3 g6
4.e3 Bf8g7
5.Qd1b3 O-O
6.Bf1c4 e6
7.O-O Nb8d7
8.Nb1d2 Ra8b8
9.Nf3g5 Nd7b6
10.Bc4d3 d5
11.f4 Qd8e7
12.Qb3d1 c5
13.dxc5 Qe7xc5
14.Nd2f3 Nb6c4
15.Kh1 Nc4xe3
16.Bc1xe3 Qc5c7
17.g3 Nf6g4
18.Be3d2 Qc7b6
19.Qd1e2 h6
20.h3 Ng4f6
21.Nf3h4 hxg5
22.Nh4xg6 fxg6
23.Bd3xg6 gxf4
24.Bd2xf4 Bc8d7
25.Bf4g5 d4
26.Bg5xf6 Bd7c6
27.Kh2 Rf8xf6
28.Rf1xf6 Bg7xf6
29.Qe2h5 Qb6xb2
{ abandon }0-1

[Event "Défi( 10J+24H/c 10J Max )"]
[Site "www.echecsemail.com"]
[Date "2026.02.11"]
[Round "1"]
[White "Artabam"]
[Black "Minon"]
[WhiteElo "1000"]
[BlackElo "1930"]
[Result "0-1"]
1.e4 e5
2.Ng1f3 d6
3.Nb1c3 Bc8g4
4.Bf1c4 h6
5.O-O Nb8c6
6.b3 Bf8e7
7.Bc4b5 a6
8.Bb5c4 Nc6d4
9.Nc3d5 c6
10.b4 cxd5
11.Bc4xd5 Ra8b8
12.a4 Ng8f6
13.c3 Nd4xf3
14.Kh1 Nf3xh2
15.Kxh2 Bg4xd1
16.Bd5c4 Bd1h5
17.d3 d5
18.Bc4b3 dxe4
19.Bc1e3 Nf6g4
20.Kh3 Ng4xe3
21.fxe3 Qd8d7
22.Kg3 Qd7g4
23.Kf2 Be7h4
24.Kg1 exd3
25.Ra1d1 Rb8c8
26.Rd1xd3 O-O
27.Rd3d5 Rc8xc3
28.Bb3a2 Qg4xb4
29.Rd5d7 Qb4xa4
30.Ba2b1 Qa4xd7
31.Bb1e4 Rc3xe3
32.Be4f5 Qd7b5
33.Bf5c8 Qb5xf1
34.Kxf1 Rf8xc8
35.Kg1 Bh4g3
36.Kh1 Re3e1
0-1

[Event "Défi"]
[Site "www.echecsemail.com"]
[Date "2026.02.11"]
[Round "1"]
[White "Fr7d"]
[Black "Castor"]
[WhiteElo "1640"]
[BlackElo "1360"]
[Result "1-0"]
1.e4 c6
2.Ng1f3 d6
3.d4 Bc8g4
4.Bf1e2 h5
5.Bc1e3 Nb8d7
6.h3 Bg4e6
7.O-O Ng8f6
8.Nb1c3 d5
9.e5 Nf6h7
10.Be2d3 Qd8b6
11.Bd3xh7 g6
12.Nf3g5 Be6f5
13.Qd1f3 f6
14.e6 Nd7b8
15.Bh7xg6 Bf5xg6
16.Nc3xd5 cxd5
17.Qf3xd5 fxg5
18.Be3xg5 Nb8a6
19.Qd5d7 1-0

[Event "GIRL"]
[Site "www.echecsemail.com"]
[Date "2026.02.11"]
[Round "1"]
[White "Tartu"]
[Black "Karkaskat"]
[WhiteElo "1720"]
[BlackElo "2020"]
[Result "0-1"]
1.e4 e5
2.Ng1f3 Nb8c6
3.Nb1c3 Ng8f6
4.Bf1c4 Nf6xe4
5.Nc3xe4 d5
6.Bc4xd5 Qd8xd5
7.Ne4c3 Qd5a5
8.h3 Bf8b4
9.Nc3e4 f5
10.Ne4g3 e4
11.c3 exf3
12.cxb4 Qa5e5
13.Kf1 f4
14.Qd1xf3 fxg3
15.fxg3 Rh8f8
{ abandon }0-1

[Event "Tournoi Hivernal"]
[Site "www.echecsemail.com"]
[Date "2026.02.11"]
[Round "1"]
[White "Qsdmlk"]
[Black "Abelito"]
[WhiteElo "1470"]
[BlackElo "1550"]
[Result "0-1"]
1.d4 d5
2.Bc1g5 Ng8f6
3.Ng1f3 Nb8c6
4.e3 Nf6e4
5.Bg5f4 Bc8g4
6.Bf1e2 h5
7.h3 Bg4f5
8.Be2d3 f6
9.Nf3h4 g5
10.Nh4g6 Bf5xg6
11.Nb1c3 a6
12.Bf4g3 e5
13.dxe5 fxe5
14.Qd1f3 Bf8g7
15.O-O-O Rh8f8
16.Nc3xe4 Rf8xf3
17.gxf3 dxe4
18.Bd3xe4 Qd8f6
19.Be4d3 O-O-O
20.e4 Qf6xf3
21.h4 g4
22.Rh1e1 Bg7h6
23.Kb1 Nc6b4
24.Bd3e2 Qf3f6
25.Be2c4 Bg6f7
26.Bc4xf7 Qf6xf7
27.b3 Bh6f4
28.Rd1xd8 Kxd8
29.Kb2 Bf4xg3
30.fxg3 Qf7f2
{ abandon }0-1

[Event "Défi"]
[Site "www.echecsemail.com"]
[Date "2026.02.11"]
[Round "1"]
[White "Superman"]
[Black "Bilitis"]
[WhiteElo "1780"]
[BlackElo "1770"]
[Result "1-0"]
1.e4 e5
2.Ng1f3 d6
3.Bf1c4 Bc8g4
4.O-O Ng8f6
5.Rf1e1 Nb8c6
6.c3 g6
7.d3 Bf8g7
8.h3 Bg4d7
9.Bc1g5 O-O
10.Qd1d2 Nc6a5
11.Nb1a3 Na5xc4
12.Na3xc4 h6
13.Bg5xh6 b5
14.Nc4a3 a6
15.b3 Qd8e7
16.d4 Ra8d8
17.Ra1c1 exd4
18.cxd4 d5
19.e5 Nf6e4
20.Qd2e3 Qe7xa3
21.Bh6xg7 Kxg7
22.Rc1xc7 Qa3xa2
23.Re1c1 a5
24.Kh2 Ne4xf2
25.Rc7c2 Qa2a3
26.Rc2xf2 Qa3e7
27.Nf3g5 f6
28.exf6 Qe7xf6
29.Rf2xf6 Rf8xf6
30.Qe3e7 Kg8
31.Qe7xd8 Kg7
32.Qd8xd7 Kh6
33.h4 Kh5
34.Kh3 Rf6f4
35.Qd7h7 1-0

[Event "Défi"]
[Site "www.echecsemail.com"]
[Date "2026.02.11"]
[Round "1"]
[White "Magyar"]
[Black "Gilberthellemans"]
[WhiteElo "1610"]
[BlackElo "1570"]
[Result "1-0"]
1.e4 e5
2.Nb1c3 d6
3.h3 c6
4.Ng1f3 Ng8f6
5.Bf1c4 h6
6.d3 Qd8a5
7.Bc1d2 Bf8e7
8.Nc3d5 Qa5d8
9.Nd5xe7 Qd8xe7
10.O-O b5
11.Bc4b3 Nb8a6
12.a3 Na6c5
13.Bb3a2 O-O
14.b4 Nc5b7
15.c4 Kh7
16.Qd1c1 Bc8e6
17.cxb5 cxb5
18.Ba2xe6 Qe7xe6
19.Nf3h4 Nf6g8
20.Nh4f5 Ra8c8
21.Qc1d1 Nb7d8
22.Qd1g4 Qe6f6
23.Nf5xg7 Rc8c7
24.Ng7f5 Nd8e6
25.Nf5xd6 Ng8e7
26.Nd6f5 Rf8g8
27.Qg4f3 Ne7g6
28.Qf3h5 Ng6e7
29.Qh5xh6 Qf6xh6
30.Nf5xh6 Rg8g7
31.Nh6g4 Ne7g6
32.Ng4f6 Kh8
33.Nf6e8 Rc7c2
34.Ne8xg7 Rc2xd2
35.Ng7xe6 fxe6
36.Rf1d1 Rd2c2
37.g3 Kg7
38.h4 Kh6
39.Kg2 Ng6e7
40.Kf3 Kh5
41.Ke3 Kg4
42.Rd1g1 Ne7c6
43.f3 Kh5
44.Rg1c1 Nc6d4
45.Rc1e1 Rc2h2
46.Ra1c1 Nd4c2
47.Rc1xc2 Rh2xc2
48.Re1e2 Rc2c1
49.Re2a2 Rc1g1
50.Kf2 Rg1c1
51.Kg2 Rc1d1
52.Kh3 Rd1xd3
53.g4 Kg6
54.a4 Rd3xf3
55.Kg2 Rf3b3
56.axb5 Rb3xb4
57.Ra2xa7 Rb4xb5
58.Ra7a6 Rb5b3
59.Ra6xe6 Kf7
60.Re6xe5 Kf6
61.Re5f5 Ke6
62.Kf2 Rb3h3
63.h5 Rh3h1
64.Kg2 { abandon }1-0

[Event "Tournoi n27381"]
[Site "www.echecsemail.com"]
[Date "2026.02.11"]
[Round "1"]
[White "Tizi"]
[Black "Tartu"]
[WhiteElo "1730"]
[BlackElo "1730"]
[Result "0-1"]
1.d4 Ng8f6
2.Ng1f3 d5
3.c4 c6
4.e3 Bc8g4
5.Bf1d3 dxc4
6.Bd3xc4 e6
7.h3 Bg4xf3
8.Qd1xf3 Nb8d7
9.Nb1d2 Bf8e7
10.a3 Ra8c8
11.O-O O-O
12.e4 b5
13.Bc4d3 e5
14.d5 cxd5
15.Bd3xb5 dxe4
16.Qf3e2 Nd7c5
17.b4 Nc5b7
18.Nd2xe4 Qd8b6
19.Bc1e3 Qb6c7
20.Be3xa7 Nf6xe4
21.Qe2xe4 Nb7d6
22.Qe4e2 Qc7xa7
23.Ra1c1 Qa7xa3
24.Bb5a6 Rc8xc1
25.b5 Rc1xf1
26.Qe2xf1 Rf8a8
27.Qf1e2 f6
28.g3 h6
29.Qe2c2 Ra8xa6
30.bxa6 Qa3xa6
31.Qc2c7 Be7f8
32.Qc7c2 Qa6c4
33.Qc2d2 e4
34.Qd2e3 Nd6f5
35.Qe3f4 g6
36.g4 Bf8d6
37.Qf4d2 Qc4d3
38.Qd2a2 Kg7
39.gxf5 gxf5
40.Qa2a7 Kg6
41.Qa7a8 Qd3d1
42.Kg2 Qd1f3
43.Kg1 Qf3d1
44.Kg2 Qd1f3
45.Kg1 Bd6f4
46.Qa8g8 Kh5
47.Qg8f7 Kh4
48.Qf7xf6 Bf4g5
49.Qf6e5 Qf3f4
50.Qe5d5 Kxh3
51.Qd5d4 Qf4c1
52.Qd4d1 Qc1xd1
0-1

[Event "Défi"]
[Site "www.echecsemail.com"]
[Date "2026.02.11"]
[Round "1"]
[White "Castor"]
[Black "Kerenor"]
[WhiteElo "1360"]
[BlackElo "1580"]
[Result "0-1"]
1.d4 d5
2.c4 Nb8c6
3.Ng1f3 Ng8f6
4.Nb1c3 e6
5.Bc1g5 Bf8e7
6.e3 Be7b4
7.Nf3d2 Bb4e7
8.h4 h6
9.Bg5f4 Bc8d7
10.Nc3b5 a6
11.Nb5c3 Be7d6
12.Qd1f3 Nc6b4
13.Ra1c1 dxc4
14.Nd2xc4 Bd6xf4
15.Qf3xf4 Nf6d5
16.Nc3xd5 exd5
17.Nc4e5 Bd7e6
18.Rc1a1 Nb4c2
19.Kd2 Nc2b4
20.a3 Nb4c6
21.g4 Nc6xe5
22.Qf4xe5 Qd8d7
23.f3 O-O
24.Bf1d3 Rf8e8
25.Qe5g3 f5
26.g5 hxg5
27.h5 Qd7e7
28.Ra1c1 c6
29.Kc2 c5
30.Kb1 c4
31.Bd3e2 b5
32.Be2f1 Kf7
33.b3 Qe7xa3
34.Rh1h2 Qa3xb3
35.Rh2b2 Qb3xe3
36.Rc1e1 Qe3xd4
37.Qg3g2 Qd4h4
38.Bf1e2 Qh4xh5
39.f4 g4
40.Re1h1 Qh5g6
41.Be2d1 Re8d8
42.Bd1c2 Ra8b8
43.Kc1 a5
44.Qg2d2 b4
45.Qd2d4 c3
46.Rb2b1 Rb8c8
47.Rb1a1 Rd8d7
48.Ra1xa5 Rc8c4
49.Qd4f2 Qg6f6
50.Ra5a8 d4
51.Qf2h2 d3
52.Bc2a4 d2
53.Kb1 Be6d5
54.Rh1f1 Bd5e4
55.Ba4c2 b3
56.Qh2h8 Be4xa8
57.Bc2xb3 Rd7b7
58.Kc2 Rb7xb3
59.Kxb3 Ba8d5
60.Kc2 Bd5e4
61.Kd1 Be4f3
62.Kc2 Bf3e4
63.Kd1 Qf6d6
64.Qh8h5 Qd6g6
65.Qh5h2 g3
66.Qh2e2 Rc4a4
67.Qe2b5 Ra4a1
68.Ke2 Qg6g4
69.Ke3 Ra1a7
70.Qb5c4 Kf6
71.Qc4d4 Kg6
72.Qd4xa7 g2
73.Rf1g1 Qg4g3
74.Ke2 Qg3f3
0-1

[Event "Eq:Les enfants de l Atlantide-LES CHATTERBOX :"]
[Site "www.echecsemail.com"]
[Date "2026.02.11"]
[Round "1"]
[White "Machja"]
[Black "Hberlioz"]
[WhiteElo "1750"]
[BlackElo "1680"]
[Result "1-0"]
1.d4 d5
2.c4 Ng8f6
3.Nb1c3 Bc8f5
4.Bc1f4 Nb8c6
5.e3 e6
6.cxd5 Nf6xd5
7.Nc3xd5 exd5
8.Ng1f3 Bf8d6
9.Bf1d3 Qd8f6
10.O-O O-O-O
11.a4 Qf6g6
12.Bd3xf5 Qg6xf5
13.Nf3h4 Qf5f6
14.Qd1g4 Kb8
15.Nh4f5 Bd6xf4
16.Qg4xf4 g6
17.Nf5h4 Qf6xf4
18.exf4 h5
19.Rf1e1 Nc6xd4
20.Ra1c1 b6
21.Re1e7 f6
22.Rc1xc7 a5
23.Rc7b7 Ka8
24.Rb7a7 Kb8
25.Re7b7 Kc8
26.Nh4xg6 Rh8e8
27.Ng6e7 Re8xe7
28.Rb7xe7 Kb8
29.Ra7b7 Ka8
30.Rb7xb6 Nd4e2
31.Kf1 Ne2xf4
32.Re7c7 d4
33.Rc7c5 Ka7
34.Rb6xf6 Nf4d3
35.Rc5xa5 Kb7
36.Ra5b5 Ka7
37.Ke2 Nd3c1
38.Kd1 Nc1d3
39.Kd2 { abandon }1-0

[Event "Coupe Niveau 4"]
[Site "www.echecsemail.com"]
[Date "2026.02.11"]
[Round "1"]
[White "Alain64"]
[Black "Carrighir"]
[WhiteElo "2060"]
[BlackElo "2090"]
[Result "0-1"]
1.f4 d5
2.Ng1f3 Ng8f6
3.e3 Bc8g4
4.b3 e6
5.Bc1b2 Bf8e7
6.Bf1e2 Nb8c6
7.O-O O-O
8.d4 a6
9.Nb1d2 Bg4f5
10.h3 Nf6e4
11.Nd2xe4 Bf5xe4
12.c4 Be7b4
13.a3 Bb4e7
14.b4 Qd8d7
15.Nf3e5 Nc6xe5
16.dxe5 Rf8d8
17.c5 a5
18.Bb2d4 b6
19.cxb6 axb4
20.axb4 Be7xb4
21.Qd1b3 c5
22.b7 Ra8b8
23.Be2a6 cxd4
24.Qb3xb4 dxe3
25.Qb4d4 Be4g6
26.Rf1e1 h6
27.Re1xe3 Rb8xb7
28.Ba6xb7 Qd7xb7
29.Re3a3 Bg6e4
30.Kh2 Rd8c8
31.Ra3a7 Qb7b3
32.Ra1a2 Rc8c3
33.Qd4a4 Rc3xh3
34.gxh3 Qb3f3
35.Qa4xe4 dxe4
36.Ra2g2 Qf3xf4
37.Kh1 Qf4xe5
38.Ra7a2 e3
39.Rg2e2 f5
40.Ra2a8 Kh7
41.Ra8a2 f4
42.Ra2a3 Qe5h5
43.Re2h2 Qh5d1
44.Kg2 f3
{ abandon }0-1

[Event "BERNARD MAS"]
[Site "www.echecsemail.com"]
[Date "2026.02.11"]
[Round "1"]
[White "Intrigue"]
[Black "Legrillon"]
[WhiteElo "1720"]
[BlackElo "1750"]
[Result "0-1"]
1.f4 d5
2.Ng1f3 Bc8g4
3.e3 Ng8f6
4.Bf1e2 e6
5.O-O Bf8d6
6.d3 h6
7.Nb1d2 Nb8c6
8.a3 O-O
9.b4 b5
10.Bc1b2 Bg4xf3
11.Nd2xf3 Nc6e7
12.Nf3d4 c6
13.c3 a6
14.f5 Qd8c7
15.h3 exf5
16.a4 c5
17.bxc5 Bd6xc5
18.axb5 Bc5xd4
19.cxd4 axb5
20.Qd1b3 Qc7b6
21.Ra1xa8 Rf8xa8
22.Bb2a3 Ra8a7
23.Rf1b1 Qb6c6
24.Ba3xe7 Ra7xe7
25.Qb3xb5 Qc6xb5
26.Rb1xb5 Re7xe3
27.Kf2 Re3e6
28.Be2f3 Re6d6
29.Ke2 g5
30.g4 f4
31.Kf2 Kf8
32.Rb5b7 Rd6d7
33.Rb7xd7 Nf6xd7
34.Bf3xd5 Nd7b6
35.Bd5c4 Ke7
36.Kf3 f6
37.Ke4 Nb6a4
38.Bc4b5 Na4c3
{ abandon }0-1